| 000 | 00486nam a22001817a 4500 | ||
|---|---|---|---|
| 003 | LC | ||
| 005 | 20160223150205.0 | ||
| 008 | 130917t xxu||||| |||| 00| 0 eng d | ||
| 050 |
_aPR 6060 _b.J82 1999 |
||
| 082 |
_aFIC _bJ76l 1999 |
||
| 100 |
_aJordan, Penny _920696 |
||
| 245 |
_aLesson to learn / _cPenny Jordan. |
||
| 260 |
_aAustralia : _bHarlequin Mills & Boon, _cc1999. |
||
| 300 |
_a220 p. : _c17 cm. |
||
| 650 | _aFiction, Romance. | ||
| 942 |
_2lcc _cBK |
||
| 999 |
_c11592 _d11592 |
||